Una teoría de la función de consumo / (Record no. 65547)

MARC details
000 -LEADER
campo de control de longitud fija 00766nam a2200229 i 4500
001 - NÚMERO DE CONTROL
campo de control 65547
003 - IDENTIFICADOR DE NÚMERO DE CONTROL
campo de control ES-MaACL
005 - FECHA Y HORA DE LA ÚLTIMA TRANSACCIÓN
campo de control 20230906165415.0
007 - CAMPO FIJO DE DESCRIPCIÓN FÍSICA--INFORMACIÓN GENERAL
campo de control de longitud fija t|
008 - DATOS DE LONGITUD FIJA--INFORMACIÓN GENERAL
campo de control de longitud fija 040115s1973 sp ||||1| spa d
100 0# - ENTRADA PRINCIPAL--NOMBRE DE PERSONA
Nombre de persona Friedman, Milton (
Fechas asociadas al nombre 1912-2006)
9 (RLIN) 52636
245 14 - MENCIÓN DEL TÍTULO
Título Una teoría de la función de consumo /
Mención de responsabilidad, etc. Milton Friedman ; versión de Lorenzo Betancor Curbelo ; revisada por José Vergara.
260 ## - PUBLICACIÓN, DISTRIBUCIÓN, ETC.
Lugar de publicación, distribución, etc. [Madrid] :
Nombre del editor, distribuidor, etc. Alianza,
Fecha de publicación, distribución, etc. [1973]
300 ## - DESCRIPCIÓN FÍSICA
Extensión 297 p. ;
Dimensiones 20 cm.
490 1# - MENCIÓN DE SERIE
Mención de serie Alianza universidad ;
Designación de volumen o secuencia 36
700 1# - ENTRADA AGREGADA--NOMBRE PERSONAL
Nombre de persona Betancor Curbelo, Lorenzo.
9 (RLIN) 28633
700 1# - ENTRADA AGREGADA--NOMBRE PERSONAL
Nombre de persona Vergara, José.
9 (RLIN) 114083
830 0# - PUNTO DE ACCESO ADICIONAL DE SERIE-TÍTULO UNIFORME
Título uniforme Alianza universidad ;
Designación de volumen o secuencia 36
9 (RLIN) 177276
852 ## - LOCALIZACIÓN
Ubicación ES-MaACL
Número de control de estantería C-52957
Sublocalización o colección R.86167
852 ## - LOCALIZACIÓN
Ubicación ES-MaACL
Número de control de estantería E-7412
Sublocalización o colección R.91636
Holdings
Estatus retirado Estado de pérdida Estado de daño No para préstamo Biblioteca de origen Biblioteca actual Ubicación en estantería Fecha de adquisición Fuente de adquisición Total de préstamos Signatura topográfica completa Código de barras Visto por última vez Precio de reemplazo Tipo de ítem Koha
        Biblioteca del Ateneo de Madrid Biblioteca del Ateneo de Madrid Depósito 2 17/01/2008     E-7412 1068674 23/02/2023 23/02/2023 Libro impreso
        Biblioteca del Ateneo de Madrid Biblioteca del Ateneo de Madrid Depósito 2 17/01/2008     C-52957 1068673 23/02/2023 23/02/2023 Libro impreso